[Event "Amsterdam Science Park 2023"]
[Site "Science Park, Amsterdam, Netherlands"]
[Date "2023.07.19"]
[Round "5.1"]
[White "Hopman, Pieter"]
[Black "Zwirs, Nico"]
[Result "1/2-1/2"]
[WhiteElo "2323"]
[BlackElo "2443"]

1. d4 {[%clk 01:24:34]} {[%emt 00:06:25]} d5 {[%clk 01:30:53]} {[%emt
00:00:07]} 2. c4 {[%clk 01:24:05]} {[%emt 00:01:00]} e6 {[%clk 01:31:20]}
{[%emt 00:00:04]} 3. Nf3 {[%clk 01:23:35]} {[%emt 00:00:59]} Nf6 {[%clk
01:31:38]} {[%emt 00:00:12]} 4. Bg5 {[%clk 01:23:22]} {[%emt 00:00:43]} dxc4
{[%clk 01:28:34]} {[%emt 00:03:34]} 5. Qa4+ {[%clk 01:21:18]} {[%emt 00:02:33]}
Nbd7 {[%clk 01:25:02]} {[%emt 00:04:01]} 6. Qxc4 {[%clk 01:19:56]} {[%emt
00:01:54]} c5 {[%clk 01:22:04]} {[%emt 00:03:28]} 7. Nc3 {[%clk 01:18:48]}
{[%emt 00:01:38]} a6 {[%clk 01:18:44]} {[%emt 00:03:51]} 8. e3 {[%clk
01:08:07]} {[%emt 00:11:11]} b5 {[%clk 01:18:20]} {[%emt 00:00:53]} 9. Qd3
{[%clk 01:07:49]} {[%emt 00:00:48]} Bb7 {[%clk 01:13:24]} {[%emt 00:05:26]} 10.
Be2 {[%clk 01:03:03]} {[%emt 00:05:17]} Qa5 {[%clk 00:54:07]} {[%emt 00:19:47]}
11. O-O {[%clk 00:59:18]} {[%emt 00:04:15]} b4 {[%clk 00:40:21]} {[%emt
00:14:16]} 12. Nb1 {[%clk 00:58:57]} {[%emt 00:00:51]} cxd4 {[%clk 00:29:32]}
{[%emt 00:11:18]} 13. Qxd4 {[%clk 00:57:20]} {[%emt 00:02:06]} Bc5 {[%clk
00:29:45]} {[%emt 00:00:17]} 14. Qh4 {[%clk 00:56:23]} {[%emt 00:01:27]} h6
{[%clk 00:28:21]} {[%emt 00:01:54]} 15. Bxf6 {[%clk 00:54:32]} {[%emt
00:02:21]} Nxf6 {[%clk 00:28:31]} {[%emt 00:00:19]} 16. Nbd2 {[%clk 00:54:00]}
{[%emt 00:01:03]} Be7 {[%clk 00:28:25]} {[%emt 00:00:36]} 17. Nc4 {[%clk
00:51:22]} {[%emt 00:03:09]} Qc5 {[%clk 00:26:42]} {[%emt 00:02:12]} 18. Rac1
{[%clk 00:50:00]} {[%emt 00:01:52]} Rc8 {[%clk 00:24:17]} {[%emt 00:02:54]} 19.
Qd4 {[%clk 00:48:07]} {[%emt 00:02:25]} O-O {[%clk 00:23:22]} {[%emt 00:01:24]}
20. Qxc5 {[%clk 00:44:54]} {[%emt 00:03:44]} Rxc5 {[%clk 00:22:19]} {[%emt
00:01:33]} 21. Nd4 {[%clk 00:45:03]} {[%emt 00:00:21]} a5 {[%clk 00:10:14]}
{[%emt 00:12:36]} 22. Nb6 {[%clk 00:32:49]} {[%emt 00:12:43]} Bd5 {[%clk
00:06:29]} {[%emt 00:04:14]} 23. Nxd5 {[%clk 00:32:21]} {[%emt 00:00:59]} Nxd5
{[%clk 00:04:16]} {[%emt 00:02:43]} 24. Rxc5 {[%clk 00:29:24]} {[%emt
00:03:27]} Bxc5 {[%clk 00:04:45]} {[%emt 00:00:01]} 1/2-1/2

[Event "Amsterdam Science Park 2023"]
[Site "Science Park, Amsterdam, Netherlands"]
[Date "2023.07.19"]
[Round "5.2"]
[White "Riemersma, Li"]
[Black "Blees, Albert"]
[Result "1/2-1/2"]
[WhiteElo "2440"]
[BlackElo "2319"]

1. d4 {[%clk 01:30:45]} {[%emt 00:00:14]} f5 {[%clk 01:30:43]} {[%emt
00:00:18]} 2. g3 {[%clk 01:30:41]} {[%emt 00:00:34]} Nf6 {[%clk 01:31:03]}
{[%emt 00:00:09]} 3. Bg2 {[%clk 01:30:28]} {[%emt 00:00:43]} e6 {[%clk
01:31:06]} {[%emt 00:00:27]} 4. Nf3 {[%clk 01:30:26]} {[%emt 00:00:33]} d5
{[%clk 01:31:23]} {[%emt 00:00:13]} 5. c4 {[%clk 01:29:10]} {[%emt 00:01:46]}
c6 {[%clk 01:30:54]} {[%emt 00:00:59]} 6. O-O {[%clk 01:29:10]} {[%emt
00:00:30]} Bd6 {[%clk 01:31:18]} {[%emt 00:00:06]} 7. Nc3 {[%clk 01:26:27]}
{[%emt 00:03:13]} O-O {[%clk 01:31:37]} {[%emt 00:00:10]} 8. Qc2 {[%clk
01:26:06]} {[%emt 00:00:51]} Qe7 {[%clk 01:31:27]} {[%emt 00:00:40]} 9. Bg5
{[%clk 01:15:36]} {[%emt 00:11:00]} h6 {[%clk 01:26:59]} {[%emt 00:04:57]} 10.
Bf4 {[%clk 01:15:48]} {[%emt 00:00:18]} Bxf4 {[%clk 01:21:26]} {[%emt
00:06:03]} 11. gxf4 {[%clk 01:16:15]} {[%emt 00:00:02]} Nbd7 {[%clk 01:21:27]}
{[%emt 00:00:29]} 12. cxd5 {[%clk 00:48:19]} {[%emt 00:28:27]} exd5 {[%clk
01:16:21]} {[%emt 00:05:37]} 13. Nh4 {[%clk 00:47:07]} {[%emt 00:01:41]} Ng4
{[%clk 00:59:55]} {[%emt 00:16:55]} 14. Ng6 {[%clk 00:45:39]} {[%emt 00:01:59]}
Qd6 {[%clk 00:54:45]} {[%emt 00:05:40]} 15. Ne5 {[%clk 00:39:01]} {[%emt
00:07:09]} Qe6 {[%clk 00:49:10]} {[%emt 00:06:04]} 16. e3 {[%clk 00:31:59]}
{[%emt 00:07:32]} Ngf6 {[%clk 00:45:48]} {[%emt 00:03:52]} 17. f3 {[%clk
00:16:40]} {[%emt 00:15:50]} b6 {[%clk 00:34:21]} {[%emt 00:11:57]} 18. Bh3
{[%clk 00:15:22]} {[%emt 00:01:48]} Nh5 {[%clk 00:26:30]} {[%emt 00:08:20]} 19.
Kh1 {[%clk 00:12:59]} {[%emt 00:02:54]} Nxe5 {[%clk 00:25:28]} {[%emt
00:01:31]} 20. fxe5 {[%clk 00:12:17]} {[%emt 00:01:12]} g5 {[%clk 00:24:35]}
{[%emt 00:01:23]} 21. e4 {[%clk 00:12:13]} {[%emt 00:00:34]} Qf7 {[%clk
00:24:04]} {[%emt 00:01:01]} 22. Bxf5 {[%clk 00:07:53]} {[%emt 00:04:50]} Bxf5
{[%clk 00:24:27]} {[%emt 00:00:07]} 23. exf5 {[%clk 00:08:22]} Qxf5 {[%clk
00:24:47]} {[%emt 00:00:10]} 24. Qxf5 {[%clk 00:08:41]} {[%emt 00:00:13]} Rxf5
{[%clk 00:25:10]} {[%emt 00:00:06]} 25. Ne2 {[%clk 00:09:04]} {[%emt 00:00:07]}
c5 {[%clk 00:23:26]} {[%emt 00:02:14]} 26. Rac1 {[%clk 00:07:28]} {[%emt
00:02:06]} cxd4 {[%clk 00:22:32]} {[%emt 00:01:24]} 27. Nxd4 {[%clk 00:07:54]}
{[%emt 00:00:05]} Rxe5 {[%clk 00:22:52]} {[%emt 00:00:09]} 28. Rc6 {[%clk
00:08:15]} {[%emt 00:00:10]} Kh7 {[%clk 00:17:25]} {[%emt 00:05:57]} 29. Rc7+
{[%clk 00:08:32]} {[%emt 00:00:14]} Kg6 {[%clk 00:17:38]} {[%emt 00:00:16]} 30.
Rc6+ {[%clk 00:08:51]} {[%emt 00:00:12]} 1/2-1/2

[Event "Amsterdam Science Park 2023"]
[Site "Science Park, Amsterdam, Netherlands"]
[Date "2023.07.19"]
[Round "5.3"]
[White "Beeke, Bob"]
[Black "Kanis, Sierk"]
[Result "1-0"]
[WhiteElo "2216"]
[BlackElo "2112"]

1. c4 {[%clk 01:30:57]} {[%emt 00:00:03]} c5 {[%clk 01:27:04]} {[%emt
00:03:57]} 2. g3 {[%clk 01:30:40]} {[%emt 00:00:46]} g6 {[%clk 01:27:26]}
{[%emt 00:00:09]} 3. Bg2 {[%clk 01:29:50]} {[%emt 00:01:20]} Bg7 {[%clk
01:27:49]} {[%emt 00:00:06]} 4. Nc3 {[%clk 01:29:58]} {[%emt 00:00:23]} Nc6
{[%clk 01:27:57]} {[%emt 00:00:22]} 5. d3 {[%clk 01:28:42]} {[%emt 00:01:46]}
d6 {[%clk 01:27:37]} {[%emt 00:00:52]} 6. Nf3 {[%clk 01:28:29]} {[%emt
00:00:42]} e5 {[%clk 01:27:32]} {[%emt 00:00:35]} 7. O-O {[%clk 01:27:41]}
{[%emt 00:01:18]} Nge7 {[%clk 01:27:32]} {[%emt 00:00:30]} 8. Ne1 {[%clk
01:26:44]} {[%emt 00:01:27]} Be6 {[%clk 01:27:14]} {[%emt 00:00:48]} 9. Nd5
{[%clk 01:25:04]} {[%emt 00:02:10]} O-O {[%clk 01:24:08]} {[%emt 00:03:36]} 10.
Nc2 {[%clk 01:24:14]} {[%emt 00:01:20]} Qd7 {[%clk 01:22:37]} {[%emt 00:02:00]}
11. Bg5 {[%clk 01:22:44]} {[%emt 00:02:01]} f6 {[%clk 01:21:50]} {[%emt
00:01:18]} 12. Bd2 {[%clk 01:23:08]} {[%emt 00:00:06]} f5 {[%clk 01:08:13]}
{[%emt 00:14:07]} 13. Nxe7+ {[%clk 01:15:28]} {[%emt 00:08:10]} Nxe7 {[%clk
01:07:14]} {[%emt 00:01:28]} 14. b4 {[%clk 01:15:43]} {[%emt 00:00:15]} f4
{[%clk 01:02:43]} {[%emt 00:05:01]} 15. Rb1 {[%clk 01:11:05]} {[%emt 00:05:09]}
Bh3 {[%clk 00:54:33]} {[%emt 00:08:40]} 16. Ne1 {[%clk 01:00:47]} {[%emt
00:10:47]} Bxg2 {[%clk 00:53:04]} {[%emt 00:02:00]} 17. Kxg2 {[%clk 01:01:07]}
{[%emt 00:00:10]} g5 {[%clk 00:49:23]} {[%emt 00:04:11]} 18. h3 {[%clk
00:54:14]} {[%emt 00:07:23]} fxg3 {[%clk 00:45:17]} {[%emt 00:04:36]} 19. Nf3
{[%clk 00:44:54]} {[%emt 00:09:50]} g4 {[%clk 00:41:58]} {[%emt 00:03:48]} 20.
hxg4 {[%clk 00:45:18]} {[%emt 00:00:06]} gxf2 {[%clk 00:40:05]} {[%emt
00:02:24]} 21. Kxf2 {[%clk 00:42:11]} {[%emt 00:03:36]} e4 {[%clk 00:36:52]}
{[%emt 00:03:43]} 22. dxe4 {[%clk 00:42:31]} {[%emt 00:00:10]} Qxg4 {[%clk
00:35:34]} {[%emt 00:01:48]} 23. Rg1 {[%clk 00:35:05]} {[%emt 00:07:55]} Qxe4
{[%clk 00:34:26]} {[%emt 00:01:38]} 24. Bc3 {[%clk 00:33:43]} {[%emt 00:01:52]}
Ng6 {[%clk 00:28:21]} {[%emt 00:06:35]} 25. Bxg7 {[%clk 00:33:43]} {[%emt
00:00:31]} Kxg7 {[%clk 00:27:45]} {[%emt 00:01:06]} 26. bxc5 {[%clk 00:31:43]}
{[%emt 00:02:30]} dxc5 {[%clk 00:17:41]} {[%emt 00:10:34]} 27. Qd7+ {[%clk
00:31:46]} {[%emt 00:00:26]} Kh8 {[%clk 00:13:18]} {[%emt 00:04:52]} 28. Rxb7
{[%clk 00:29:48]} {[%emt 00:02:29]} Qh4+ {[%clk 00:11:52]} {[%emt 00:01:56]} 29.
Rg3 {[%clk 00:25:49]} {[%emt 00:04:28]} Qh6 {[%clk 00:08:25]} {[%emt 00:03:57]}
30. Rh3 {[%clk 00:14:59]} {[%emt 00:11:19]} Nh4 {[%clk 00:08:46]} {[%emt
00:00:10]} 31. Qe7 {[%clk 00:14:56]} {[%emt 00:00:33]} Rf6 {[%clk 00:02:54]}
{[%emt 00:06:23]} 32. Qe4 {[%clk 00:12:56]} {[%emt 00:02:30]} Rf4 {[%clk
00:02:20]} {[%emt 00:01:04]} 33. Rxh7+ {[%clk 00:12:28]} {[%emt 00:00:58]} Qxh7
{[%clk 00:02:04]} {[%emt 00:00:45]} 34. Qxf4 {[%clk 00:11:49]} {[%emt
00:01:09]} 1-0

[Event "Amsterdam Science Park 2023"]
[Site "Science Park, Amsterdam, Netherlands"]
[Date "2023.07.19"]
[Round "5.4"]
[White "Van Baar, Esper"]
[Black "De Winter, Arthur"]
[Result "1-0"]
[WhiteElo "2180"]
[BlackElo "2378"]

1. e4 {[%clk 01:30:52]} {[%emt 00:00:02]} c5 {[%clk 01:28:36]} {[%emt
00:02:30]} 2. c3 {[%clk 01:31:17]} {[%emt 00:00:05]} Nf6 {[%clk 01:28:44]}
{[%emt 00:00:21]} 3. e5 {[%clk 01:31:38]} {[%emt 00:00:09]} Nd5 {[%clk
01:29:12]} {[%emt 00:00:02]} 4. d4 {[%clk 01:32:00]} {[%emt 00:00:08]} cxd4
{[%clk 01:29:39]} {[%emt 00:00:04]} 5. cxd4 {[%clk 01:32:22]} {[%emt 00:00:08]}
d6 {[%clk 01:29:54]} {[%emt 00:00:15]} 6. Nf3 {[%clk 01:32:35]} {[%emt
00:00:16]} Nc6 {[%clk 01:30:22]} {[%emt 00:00:03]} 7. Bc4 {[%clk 01:32:52]}
{[%emt 00:00:13]} Nb6 {[%clk 01:30:48]} {[%emt 00:00:04]} 8. Bb5 {[%clk
01:33:15]} {[%emt 00:00:07]} Bd7 {[%clk 01:31:14]} {[%emt 00:00:04]} 9. Nc3
{[%clk 01:33:16]} {[%emt 00:00:29]} dxe5 {[%clk 01:31:40]} {[%emt 00:00:05]} 10.
Nxe5 {[%clk 01:32:48]} {[%emt 00:00:58]} a6 {[%clk 01:14:10]} {[%emt 00:18:01]}
11. Bxc6 {[%clk 01:22:57]} {[%emt 00:10:20]} Bxc6 {[%clk 01:14:20]} {[%emt
00:00:20]} 12. Nxc6 {[%clk 01:22:36]} {[%emt 00:00:52]} bxc6 {[%clk 01:14:45]}
{[%emt 00:00:04]} 13. O-O {[%clk 01:22:04]} {[%emt 00:01:00]} e6 {[%clk
01:13:08]} {[%emt 00:02:08]} 14. Be3 {[%clk 01:19:30]} {[%emt 00:03:05]} Be7
{[%clk 01:11:42]} {[%emt 00:01:56]} 15. Qg4 {[%clk 01:12:23]} {[%emt 00:07:38]}
O-O {[%clk 01:11:17]} {[%emt 00:00:55]} 16. Rfd1 {[%clk 01:11:02]} {[%emt
00:01:51]} Kh8 {[%clk 00:58:17]} {[%emt 00:13:29]} 17. Rac1 {[%clk 01:09:36]}
{[%emt 00:01:55]} Nd5 {[%clk 00:57:04]} {[%emt 00:01:44]} 18. Qf3 {[%clk
01:05:37]} {[%emt 00:04:29]} Qa5 {[%clk 00:46:43]} {[%emt 00:10:51]} 19. Bd2
{[%clk 00:48:59]} {[%emt 00:17:08]} Qb6 {[%clk 00:44:32]} {[%emt 00:02:41]} 20.
b3 {[%clk 00:48:16]} {[%emt 00:01:13]} Qxd4 {[%clk 00:38:24]} {[%emt 00:06:38]}
21. Na4 {[%clk 00:37:44]} {[%emt 00:11:03]} Rac8 {[%clk 00:36:08]} {[%emt
00:02:46]} 22. Rc4 {[%clk 00:32:40]} {[%emt 00:05:34]} Qe5 {[%clk 00:33:34]}
{[%emt 00:03:04]} 23. Rdc1 {[%clk 00:30:15]} {[%emt 00:02:55]} Kg8 {[%clk
00:30:32]} {[%emt 00:03:32]} 24. g3 {[%clk 00:28:05]} {[%emt 00:02:40]} Rfd8
{[%clk 00:18:06]} {[%emt 00:12:57]} 25. Ba5 {[%clk 00:23:18]} {[%emt 00:05:17]}
Rd6 {[%clk 00:12:43]} {[%emt 00:05:53]} 26. Nc5 {[%clk 00:20:50]} {[%emt
00:02:58]} Nf6 {[%clk 00:11:10]} {[%emt 00:02:02]} 27. Nb7 {[%clk 00:10:35]}
{[%emt 00:10:45]} Rd5 {[%clk 00:09:29]} {[%emt 00:02:11]} 28. Rxc6 {[%clk
00:09:49]} {[%emt 00:01:16]} Rxc6 {[%clk 00:09:21]} {[%emt 00:00:38]} 29. Rxc6
{[%clk 00:10:12]} {[%emt 00:00:07]} Rxa5 {[%clk 00:06:19]} {[%emt 00:03:32]} 30.
Nxa5 {[%clk 00:09:39]} {[%emt 00:01:03]} Qxa5 {[%clk 00:06:45]} {[%emt
00:00:04]} 31. Rc8+ {[%clk 00:06:54]} {[%emt 00:03:15]} Bf8 {[%clk 00:07:12]}
{[%emt 00:00:03]} 32. Qa8 {[%clk 00:03:48]} {[%emt 00:03:36]} Qa3 {[%clk
00:07:18]} {[%emt 00:00:24]} 33. Rb8 {[%clk 00:02:00]} {[%emt 00:02:18]} Qd6
{[%emt 00:03:29]} 34. Rd8 {[%clk 00:01:39]} {[%emt 00:00:48]} Qe7 {[%clk
00:04:17]} {[%emt 00:00:34]} 35. Rc8 {[%clk 00:00:50]} {[%emt 00:01:19]} g6
{[%clk 00:02:05]} {[%emt 00:02:42]} 36. Qxa6 {[%clk 00:01:11]} {[%emt
00:00:08]} Kg7 {[%clk 00:02:03]} {[%emt 00:00:32]} 37. a4 {[%clk 00:00:33]}
{[%emt 00:01:09]} Qb4 {[%clk 00:01:21]} {[%emt 00:01:11]} 38. Qc4 {[%clk
00:00:44]} {[%emt 00:00:18]} Qd2 {[%clk 00:01:07]} {[%emt 00:00:45]} 39. Qc3
{[%clk 00:00:41]} {[%emt 00:00:33]} Qd1+ {[%clk 00:00:51]} {[%emt 00:00:47]} 40.
Kg2 {[%clk 00:01:05]} {[%emt 00:00:05]} Qd5+ {[%clk 00:00:49]} {[%emt
00:00:32]} 41. Qf3 {[%clk 00:29:26]} {[%emt 00:02:09]} Qe5 {[%clk 00:29:11]}
{[%emt 00:02:09]} 42. a5 {[%clk 00:25:53]} {[%emt 00:04:03]} Qxa5 {[%clk
00:27:59]} {[%emt 00:01:41]} 43. Rxf8 {[%clk 00:25:10]} {[%emt 00:01:13]} Kxf8
{[%clk 00:28:22]} {[%emt 00:00:07]} 44. Qxf6 {[%clk 00:25:32]} {[%emt
00:00:08]} Ke8 {[%clk 00:22:17]} {[%emt 00:06:34]} 45. Qd4 {[%clk 00:23:08]}
{[%emt 00:02:54]} e5 {[%clk 00:19:21]} {[%emt 00:03:27]} 46. Qa4+ {[%clk
00:16:17]} {[%emt 00:07:22]} Qxa4 {[%clk 00:19:28]} {[%emt 00:00:22]} 47. bxa4
{[%clk 00:16:42]} {[%emt 00:00:05]} f5 {[%clk 00:08:37]} {[%emt 00:11:21]} 48.
Kf3 {[%clk 00:16:32]} {[%emt 00:00:40]} Kd7 {[%clk 00:04:23]} {[%emt 00:04:44]}
49. Ke3 {[%clk 00:15:45]} {[%emt 00:01:17]} Kc6 {[%clk 00:03:16]} {[%emt
00:01:37]} 50. Kd3 {[%clk 00:14:09]} {[%emt 00:02:05]} Kc5 {[%clk 00:02:11]}
{[%emt 00:01:36]} 51. Kc3 {[%clk 00:12:38]} {[%emt 00:02:01]} e4 {[%clk
00:02:00]} {[%emt 00:00:40]} 52. h4 {[%clk 00:09:11]} {[%emt 00:03:56]} h6
{[%clk 00:01:35]} {[%emt 00:00:56]} 53. a5 {[%clk 00:07:07]} {[%emt 00:02:34]}
Kb5 {[%clk 00:01:32]} {[%emt 00:00:33]} 54. Kd4 {[%clk 00:06:32]} {[%emt
00:01:04]} Kxa5 {[%clk 00:01:56]} {[%emt 00:00:06]} 55. Ke5 {[%clk 00:06:46]}
{[%emt 00:00:16]} Kb4 {[%clk 00:02:05]} {[%emt 00:00:21]} 56. Kf6 {[%clk
00:02:54]} {[%emt 00:04:21]} Kc3 {[%clk 00:01:52]} {[%emt 00:00:43]} 57. Kxg6
{[%clk 00:03:01]} {[%emt 00:00:24]} Kd3 {[%clk 00:01:50]} {[%emt 00:00:32]} 58.
Kxf5 {[%clk 00:03:21]} {[%emt 00:00:10]} h5 {[%clk 00:02:15]} {[%emt 00:00:05]}
59. Kf4 {[%clk 00:03:17]} {[%emt 00:00:34]} Kd4 {[%clk 00:02:17]} {[%emt
00:00:28]} 60. g4 {[%clk 00:03:29]} {[%emt 00:00:18]} 1-0

[Event "Amsterdam Science Park 2023"]
[Site "Science Park, Amsterdam, Netherlands"]
[Date "2023.07.19"]
[Round "5.5"]
[White "Abdulla, Murad"]
[Black "Shakhverdian, William"]
[Result "1-0"]
[WhiteElo "2307"]
[BlackElo "2129"]

1. e4 {[%clk 01:30:52]} {[%emt 00:00:08]} e5 {[%clk 01:30:52]} {[%emt
00:00:08]} 2. Nf3 {[%clk 01:31:02]} {[%emt 00:00:19]} Nc6 {[%clk 01:30:53]}
{[%emt 00:00:28]} 3. Bc4 {[%clk 01:31:16]} {[%emt 00:00:18]} Bc5 {[%clk
01:31:05]} {[%emt 00:00:18]} 4. d3 {[%clk 01:31:14]} {[%emt 00:00:32]} Nf6
{[%clk 01:30:46]} {[%emt 00:00:49]} 5. c3 {[%clk 01:31:06]} {[%emt 00:00:37]}
O-O {[%clk 01:30:53]} {[%emt 00:00:23]} 6. O-O {[%clk 01:31:15]} {[%emt
00:00:21]} d5 {[%clk 01:31:18]} {[%emt 00:00:05]} 7. exd5 {[%clk 01:29:43]}
{[%emt 00:02:02]} Nxd5 {[%clk 01:31:40]} {[%emt 00:00:09]} 8. b4 {[%clk
01:21:33]} {[%emt 00:08:40]} Be7 {[%clk 01:31:20]} {[%emt 00:00:49]} 9. h3
{[%clk 01:21:26]} {[%emt 00:00:38]} Nb6 {[%clk 01:24:07]} {[%emt 00:07:43]} 10.
Bb3 {[%clk 01:17:26]} {[%emt 00:04:30]} a6 {[%clk 01:18:39]} {[%emt 00:05:57]}
11. Qe2 {[%clk 01:14:15]} {[%emt 00:03:41]} Bf6 {[%clk 01:02:21]} {[%emt
00:16:49]} 12. Nbd2 {[%clk 01:07:19]} {[%emt 00:07:27]} Nd5 {[%clk 00:59:39]}
{[%emt 00:03:11]} 13. Ne4 {[%clk 01:06:57]} {[%emt 00:00:51]} Be7 {[%clk
00:59:44]} {[%emt 00:00:25]} 14. Rd1 {[%clk 01:01:24]} {[%emt 00:06:03]} Kh8
{[%clk 00:50:26]} {[%emt 00:09:48]} 15. Qe1 {[%clk 00:52:14]} {[%emt 00:09:40]}
f5 {[%clk 00:46:40]} {[%emt 00:04:16]} 16. Ng3 {[%clk 00:42:54]} {[%emt
00:09:51]} Qd6 {[%clk 00:42:37]} {[%emt 00:04:33]} 17. a3 {[%clk 00:36:30]}
{[%emt 00:06:54]} Nf4 {[%clk 00:34:19]} {[%emt 00:08:48]} 18. Bc2 {[%clk
00:26:18]} {[%emt 00:10:41]} Bf6 {[%clk 00:28:13]} {[%emt 00:06:36]} 19. a4
{[%clk 00:25:10]} {[%emt 00:01:39]} Bd7 {[%clk 00:17:39]} {[%emt 00:11:03]} 20.
a5 {[%clk 00:19:14]} {[%emt 00:06:26]} Ne7 {[%clk 00:15:06]} {[%emt 00:03:03]}
21. d4 {[%clk 00:17:22]} {[%emt 00:02:23]} e4 {[%clk 00:11:47]} {[%emt
00:03:49]} 22. Ne5 {[%clk 00:16:26]} {[%emt 00:01:26]} Nfg6 {[%clk 00:10:42]}
{[%emt 00:01:34]} 23. Nc4 {[%clk 00:15:23]} {[%emt 00:01:33]} Qc6 {[%clk
00:08:30]} {[%emt 00:02:42]} 24. Nb2 {[%clk 00:13:08]} {[%emt 00:02:46]} Qe6
{[%clk 00:04:13]} {[%emt 00:04:47]} 25. c4 {[%clk 00:12:49]} {[%emt 00:00:50]}
c6 {[%emt 00:00:06]} 26. Qe2 {[%clk 00:11:27]} {[%emt 00:01:49]} Qd6 {[%clk
00:03:38]} {[%emt 00:01:32]} 27. Na4 {[%clk 00:10:34]} {[%emt 00:01:23]} Rad8
{[%clk 00:03:12]} {[%emt 00:00:57]} 28. Nc5 {[%clk 00:10:35]} {[%emt 00:00:29]}
Bc8 {[%clk 00:03:37]} {[%emt 00:00:04]} 29. Nb3 {[%clk 00:04:27]} {[%emt
00:06:38]} Be6 {[%clk 00:03:23]} {[%emt 00:00:44]} 30. Bd2 {[%clk 00:03:19]}
{[%emt 00:01:39]} Qc7 {[%clk 00:01:59]} {[%emt 00:01:53]} 31. Nh5 {[%clk
00:03:10]} {[%emt 00:00:38]} Bxd4 {[%clk 00:01:00]} {[%emt 00:01:29]} 32. Nxd4
{[%clk 00:01:24]} {[%emt 00:02:16]} Rxd4 {[%clk 00:01:25]} {[%emt 00:00:06]} 33.
Bc3 {[%clk 00:01:06]} {[%emt 00:00:47]} Bxc4 {[%clk 00:00:58]} {[%emt
00:00:57]} 34. Qe3 {[%clk 00:01:12]} {[%emt 00:00:24]} Rxd1+ {[%clk 00:00:43]}
{[%emt 00:00:45]} 35. Rxd1 {[%clk 00:01:38]} {[%emt 00:00:04]} Ne5 {[%clk
00:01:02]} {[%emt 00:00:11]} 36. f4 {[%clk 00:01:56]} {[%emt 00:00:12]} Nd5
{[%clk 00:00:33]} {[%emt 00:00:59]} 37. Rxd5 {[%clk 00:02:19]} {[%emt
00:00:07]} Bxd5 {[%clk 00:00:55]} {[%emt 00:00:08]} 38. Bxe5 {[%clk 00:02:43]}
{[%emt 00:00:05]} Qe7 {[%clk 00:01:04]} {[%emt 00:00:22]} 39. Bxg7+ {[%clk
00:01:52]} {[%emt 00:01:22]} Kg8 {[%clk 00:01:27]} {[%emt 00:00:07]} 40. Bxf8
{[%clk 00:01:44]} {[%emt 00:00:37]} 1-0